[Event "Jorge Szmetan Mem 2017"]
[Site "Buenos Aires ARG"]
[Date "2017.04.24"]
[Round "8.4"]
[White "Flores, Diego"]
[Black "Hoffman, Alejandro"]
[Result "1-0"]
[WhiteTitle "GM"]
[BlackTitle "GM"]
[WhiteElo "2568"]
[BlackElo "2488"]
[WhiteFideId "108049"]
[BlackFideId "100340"]
[EventDate "2017.04.17"]
[EventType "tourn"]

1. c4 e6 2. g3 d5 3. Nf3 Nf6 4. Bg2 Be7 5. O-O O-O 6. b3 c5 7. e3 Nc6 8. Bb2 b6
9. Nc3 Bb7 10. cxd5 Nxd5 11. Nxd5 Qxd5 12. d4 Rad8 13. Ne5 Qd6 14. dxc5 Qxc5 15.
Nd7 Qg5 16. h4 Qh6 17. Rc1 e5 18. Qg4 Rfe8 19. Rfd1 Bf8 20. Bd5 Na5 21. Bxb7
Nxb7 22. Rc7 Nd6 23. Nxf8 Kxf8 24. Rc6 Re6 25. Ba3 Ke7 26. Rdxd6 Rexd6 27. Rxd6
Rxd6 28. Qc8 1-0

[Event "Jorge Szmetan Mem 2017"]
[Site "Buenos Aires ARG"]
[Date "2017.04.24"]
[Round "8.5"]
[White "Bachmann, Axel"]
[Black "Pichot, Alan"]
[Result "0-1"]
[WhiteTitle "GM"]
[BlackTitle "GM"]
[WhiteElo "2646"]
[BlackElo "2556"]
[WhiteFideId "3700488"]
[BlackFideId "110973"]
[EventDate "2017.04.17"]
[EventType "tourn"]

1. e4 c5 2. Nf3 e6 3. d3 d5 4. Nbd2 Nf6 5. g3 Nc6 6. Bg2 Be7 7. O-O O-O 8. e5
Nd7 9. Re1 b5 10. Nf1 a5 11. h4 b4 12. Bf4 a4 13. a3 bxa3 14. bxa3 Ba6 15. h5
Rc8 16. Ne3 Nd4 17. Nd2 Bg5 18. Bxg5 Qxg5 19. c3 Nxe5 20. cxd4 cxd4 21. Nxd5
Nxd3 22. Ne4 Qd8 23. Nb4 Nxe1 24. Qxe1 Bb5 25. h6 gxh6 26. Nd2 Qf6 27. Qe4 Rfd8
28. Re1 d3 29. Rd1 Qb2 30. Qg4+ Qg7 31. Qh5 Qg5 32. Qf3 Qg6 33. Qb7 Qh5 34. Bf3
Qe5 35. Kg2 Rc7 36. Qb6 Qc5 37. Qa5 Be8 38. Qxc5 Rxc5 39. Ne4 Rc7 40. Nf6+ Kf8
41. Nxe8 Kxe8 42. Bc6+ Kf8 43. Bxa4 Rc3 44. Bb5 d2 45. a4 Rc1 46. Be2 Rd4 47.
Na6 Rxd1 48. Bxd1 0-1

[Event "Jorge Szmetan Mem 2017"]
[Site "Buenos Aires ARG"]
[Date "2017.04.24"]
[Round "8.6"]
[White "Sosa, Tomas ARG"]
[Black "Morovic Fernandez, Ivan"]
[Result "0-1"]
[WhiteTitle "IM"]
[BlackTitle "GM"]
[WhiteElo "2459"]
[BlackElo "2527"]
[WhiteFideId "121576"]
[BlackFideId "3405400"]
[EventDate "2017.04.17"]
[EventType "tourn"]

1. Nf3 Nf6 2. g3 b6 3. Bg2 Bb7 4. O-O e6 5. b3 Be7 6. Bb2 O-O 7. d3 d5 8. Nbd2
c5 9. e3 Nc6 10. Qe2 Qc7 11. a3 Rad8 12. Rac1 e5 13. c4 d4 14. e4 g6 15. Ng5 Nh5
16. Nh3 Bc8 17. f3 Be6 18. Rf2 Rb8 19. Qf1 b5 20. f4 exf4 21. Nxf4 Nxf4 22. gxf4
bxc4 23. dxc4 Bh4 24. Rf3 f5 25. e5 Rb6 26. Rh3 Be7 27. Bd5 Qd7 28. Qg2 Rd8 29.
Bf3 Bf8 30. Kh1 a5 31. Rg1 a4 32. Rxh7 Qxh7 33. Bxc6 axb3 34. Bf3 Bf7 35. Qg5
Re8 36. Qxf5 Be7 37. Qd7 Kf8 38. Ne4 Qh4 39. Bg4 Bxc4 40. Qc7 Bd5 41. Bf3 Rb7
42. Qa5 Qxf4 43. Rg3 Bxe4 44. Kg2 Kg7 0-1

[Event "Jorge Szmetan Mem 2017"]
[Site "Buenos Aires ARG"]
[Date "2017.04.25"]
[Round "9.1"]
[White "Morovic Fernandez, Ivan"]
[Black "Granda Zuniga, Julio E"]
[Result "1/2-1/2"]
[WhiteTitle "GM"]
[BlackTitle "GM"]
[WhiteElo "2527"]
[BlackElo "2658"]
[WhiteFideId "3405400"]
[BlackFideId "3800024"]
[EventDate "2017.04.17"]
[EventType "tourn"]

1. d4 Nf6 2. Nf3 e6 3. e3 b6 4. Bd3 Bb7 5. Nbd2 d5 6. Ne5 Be7 7. f4 Ne4 8. Nxe4
dxe4 9. Bb5+ c6 10. Bc4 Nd7 11. O-O O-O 12. a4 c5 13. c3 Rc8 14. Qe2 Qc7 15.
Nxd7 Qxd7 16. Rd1 Rfd8 17. a5 Bc6 18. axb6 axb6 19. Bb3 b5 20. Bd2 c4 21. Bc2
Bd5 22. Ra5 Qb7 23. Rda1 Rc7 24. b4 cxb3 25. Bxb3 Rb8 26. Rb1 Qb6 27. Ra2 Qc6
28. Rab2 Rcb7 29. Be1 Bd6 30. h3 g6 31. g4 Bc7 32. g5 h6 33. h4 h5 34. Kh2 Rb6
35. Kg3 Kf8 36. Bd2 Ke8 37. Be1 Kd7 38. Bd2 Bc4 39. Bxc4 bxc4 40. Rb4 Qd5 41.
Ra1 Rc6 42. Rxb8 Bxb8 43. Be1 Bc7 44. Ra4 1/2-1/2

[Event "Jorge Szmetan Mem 2017"]
[Site "Buenos Aires ARG"]
[Date "2017.04.25"]
[Round "9.2"]
[White "Pichot, Alan"]
[Black "Sosa, Tomas ARG"]
[Result "1/2-1/2"]
[WhiteTitle "GM"]
[BlackTitle "IM"]
[WhiteElo "2556"]
[BlackElo "2459"]
[WhiteFideId "110973"]
[BlackFideId "121576"]
[EventDate "2017.04.17"]
[EventType "tourn"]

1. e4 c5 2. Nf3 Nc6 3. d4 cxd4 4. Nxd4 g6 5. c4 Nf6 6. Nc3 d6 7. Be2 Nxd4 8.
Qxd4 Bg7 9. Be3 O-O 10. Qd2 Be6 11. Rc1 Qa5 12. f3 Rfc8 13. b3 Rab8 14. Nb5
Qxd2+ 15. Kxd2 a6 16. Nd4 Bd7 17. Rhd1 Ne8 18. Ke1 Nc7 19. c5 Ne8 20. b4 Ba4 21.
Rd3 Ra8 22. Rdc3 dxc5 23. bxc5 Bxd4 24. Bxd4 Nc7 25. Be3 Rd8 26. Rb1 Bc6 27. Rb6
Rd7 28. Rd3 Rad8 29. Rxd7 Rxd7 30. a4 Kg7 31. Bc4 e5 32. g4 f5 33. gxf5 gxf5 34.
h4 fxe4 35. fxe4 Na8 36. Rb4 a5 37. Rb3 Bxe4 38. h5 Nc7 39. Bd2 Rd4 40. Rg3+ Kf6
41. Bg5+ Kf5 42. Bg8 Rd7 43. Bd2 Ne6 44. h6 Nxc5 45. Bxa5 Kf6 46. Bd2 Nxa4 47.
Bb4 Nb2 48. Bf8 Nd3+ 49. Kf1 Bg6 50. Bg7+ Kf5 51. Bc4 Nf4 52. Re3 e4 53. Ra3 Rd2
54. Rg3 Nh5 55. Rb3 Kf4 56. Ke1 Rd7 57. Bb2 e3 58. Bc1 Re7 59. Rxe3 Rxe3+ 60.
Kf2 Nf6 61. Bxe3+ Ke5 62. Ke2 Ne4 63. Kf3 Bh5+ 64. Kg2 Be8 65. Bd3 b5 66. Bxe4
Kxe4 67. Bd2 Kd3 68. Ba5 Kc4 69. Kf2 b4 70. Ke1 Kb3 71. Kd2 Ka3 72. Kc1 b3 73.
Bc3 1/2-1/2

[Event "Jorge Szmetan Mem 2017"]
[Site "Buenos Aires ARG"]
[Date "2017.04.25"]
[Round "9.3"]
[White "Hoffman, Alejandro"]
[Black "Bachmann, Axel"]
[Result "1/2-1/2"]
[WhiteTitle "GM"]
[BlackTitle "GM"]
[WhiteElo "2488"]
[BlackElo "2646"]
[WhiteFideId "100340"]
[BlackFideId "3700488"]
[EventDate "2017.04.17"]
[EventType "tourn"]

1. d4 Nf6 2. c4 g6 3. Nc3 d6 4. e4 Nbd7 5. f3 e5 6. Nge2 c6 7. Be3 Bg7 8. Qd2
O-O 9. d5 c5 10. Ng3 h5 11. Bd3 a6 12. a4 Nh7 13. O-O Bf6 14. a5 Bg5 15. Bxg5
Nxg5 16. Na4 h4 17. Ne2 Rb8 18. b4 b5 19. axb6 cxb4 20. Qxb4 Nxb6 21. Rab1 Nxa4
22. Qxb8 h3 23. g3 Nc5 24. Bc2 Qf6 25. Qb4 Nxf3+ 26. Kh1 g5 27. Ng1 g4 28. Qc3
Qg5 29. Nxf3 gxf3 30. Qxf3 Bg4 31. Qf6 Qd2 32. Rf2 Qe3 33. Rf4 Bh5 34. Rg1 Rb8
35. g4 Bg6 36. Rf3 Qe2 37. Rxh3 Bxe4+ 38. Bxe4 Qxe4+ 39. Rf3 Rb7 40. Qd8+ Kh7
41. Qh4+ Kg8 42. Qg5+ Kh8 43. Qf6+ Kg8 44. Qg5+ 1/2-1/2

[Event "Jorge Szmetan Mem 2017"]
[Site "Buenos Aires ARG"]
[Date "2017.04.25"]
[Round "9.4"]
[White "Mareco, Sandro"]
[Black "Flores, Diego"]
[Result "1-0"]
[WhiteTitle "GM"]
[BlackTitle "GM"]
[WhiteElo "2655"]
[BlackElo "2568"]
[WhiteFideId "112275"]
[BlackFideId "108049"]
[EventDate "2017.04.17"]
[EventType "tourn"]

1. Nf3 Nf6 2. c4 e6 3. g3 a6 4. b3 b5 5. Nc3 Bb7 6. Bg2 b4 7. Na4 c5 8. d4 cxd4
9. Qxd4 Nc6 10. Qb6 Qxb6 11. Nxb6 Rd8 12. O-O Ne4 13. Bb2 f6 14. Rad1 Nc5 15.
Ne1 Na5 16. Nd3 Bxg2 17. Kxg2 Nxd3 18. exd3 Rb8 19. Bd4 Nc6 20. Be3 Be7 21. f4
Rb7 22. Rc1 f5 23. Na4 Bf6 24. Nc5 Ra7 25. Rfd1 Nd4 26. Ne4 fxe4 27. dxe4 Nc6
28. Bxa7 Nxa7 29. Rd6 Be7 30. Rxa6 Nc6 31. Ra8+ Bd8 32. Rd1 Ke7 33. h4 g6 34. a3
bxa3 35. b4 a2 36. b5 Nd4 37. Rxa2 Nb3 38. Ra8 Re8 39. b6 Nc5 40. Rb1 Nb7 41.
Rb8 Na5 42. b7 Nc6 43. Rc8 1-0

[Event "Jorge Szmetan Mem 2017"]
[Site "Buenos Aires ARG"]
[Date "2017.04.25"]
[Round "9.5"]
[White "Van Riemsdijk, Herman C."]
[Black "Darcyl, Tomas"]
[Result "1-0"]
[WhiteTitle "IM"]
[BlackTitle "IM"]
[WhiteElo "2318"]
[BlackElo "2405"]
[WhiteFideId "2100053"]
[BlackFideId "100404"]
[EventDate "2017.04.17"]
[EventType "tourn"]

1. e4 Nf6 2. e5 Nd5 3. d4 d6 4. Nf3 Nc6 5. c4 Nb6 6. Be2 dxe5 7. d5 e4 8. dxc6
Qxd1+ 9. Bxd1 exf3 10. Bxf3 Rb8 11. Bf4 Kd8 12. Na3 bxc6 13. O-O-O+ Bd7 14. Bxc6
Kc8 15. Bxd7+ Nxd7 16. Nb5 Rb7 17. Be3 c5 18. Rd2 g6 19. Nc3 Bg7 20. Ne4 Rc7 21.
b3 h6 22. g4 f5 23. gxf5 gxf5 24. Ng3 e6 25. Nh5 Be5 26. f4 Bc3 27. Rd3 Nf6 28.
Nxf6 Bxf6 29. Rd6 Rg8 30. Rxe6 Rg6 31. Kb1 Kd7 32. Ra6 Ke7 33. Rg1 Rg4 34. h3
Rh4 35. Rg3 Kf7 36. Kc2 Bd4 37. Bxd4 cxd4 38. Rf3 Re7 39. Kd3 Re4 40. Rxa7+ Kf6
41. Ra6+ Kg7 42. c5 Rhxf4 43. Rxf4 Rxf4 44. c6 Rf1 45. Ra4 Rd1+ 46. Ke2 1-0

[Event "Jorge Szmetan Mem 2017"]
[Site "Buenos Aires ARG"]
[Date "2017.04.25"]
[Round "9.6"]
[White "Slipak, Sergio"]
[Black "Garcia Palermo, Carlos"]
[Result "1/2-1/2"]
[WhiteTitle "GM"]
[BlackTitle "GM"]
[WhiteElo "2465"]
[BlackElo "2450"]
[WhiteFideId "100250"]
[BlackFideId "110124"]
[EventDate "2017.04.17"]
[EventType "tourn"]

1. d4 Nf6 2. c4 e6 3. Nc3 Bb4 4. Bd2 c5 5. a3 Bxc3 6. Bxc3 Ne4 7. Rc1 Qf6 8. Nf3
b6 9. dxc5 Nxc3 10. Rxc3 bxc5 11. g3 Nc6 12. Bg2 O-O 13. O-O Rb8 14. Rb3 Rxb3
15. Qxb3 Ba6 16. Qa4 Bb7 17. b4 cxb4 18. axb4 Qc3 19. Rd1 Nxb4 20. Qxd7 Bc6 21.
Qxa7 Bxf3 22. Bxf3 Qxc4 23. Qd4 1/2-1/2

[Event "Jorge Szmetan Mem 2017"]
[Site "Buenos Aires ARG"]
[Date "2017.04.26"]
[Round "10.2"]
[White "Darcyl, Tomas"]
[Black "Slipak, Sergio"]
[Result "1/2-1/2"]
[WhiteTitle "IM"]
[BlackTitle "GM"]
[WhiteElo "2405"]
[BlackElo "2465"]
[WhiteFideId "100404"]
[BlackFideId "100250"]
[EventDate "2017.04.17"]
[EventType "tourn"]

1. Nf3 Nf6 2. b3 b6 3. Bb2 Bb7 4. e3 g6 5. c4 Bg7 6. Be2 O-O 7. O-O c5 8. Nc3 d6
9. d4 Ne4 10. Nxe4 Bxe4 11. Qd2 Nd7 12. d5 Bxb2 13. Qxb2 Bxf3 14. Bxf3 Rb8 1/2-1/2

[Event "Jorge Szmetan Mem 2017"]
[Site "Buenos Aires ARG"]
[Date "2017.04.26"]
[Round "10.4"]
[White "Bachmann, Axel"]
[Black "Mareco, Sandro"]
[Result "1-0"]
[WhiteTitle "GM"]
[BlackTitle "GM"]
[WhiteElo "2646"]
[BlackElo "2655"]
[WhiteFideId "3700488"]
[BlackFideId "112275"]
[EventDate "2017.04.17"]
[EventType "tourn"]

1. d4 Nf6 2. Nf3 e6 3. Bf4 b6 4. e3 Bb7 5. c4 Be7 6. h3 d5 7. Nc3 O-O 8. Be2
dxc4 9. Bxc4 a6 10. a4 c5 11. O-O cxd4 12. Nxd4 Nbd7 13. Nf3 Ra7 14. Qe2 Qa8 15.
Rfd1 Rc8 16. Rac1 Bc6 17. b3 Nc5 18. Qf1 Bxf3 19. gxf3 Nb7 20. Ne4 Nxe4 21. fxe4
Na5 22. Qe2 g6 23. Be5 Rc5 24. Bd4 Rc6 25. Ba1 Qc8 26. Qb2 f6 27. Bf1 Rac7 28.
Rb1 Rc2 29. Qd4 Ra2 30. Qxb6 Rcc2 31. Qxa5 Rxf2 32. Rbc1 Rfc2 33. Bc3 Qc6 34.
Rxc2 Rxc2 35. Bd2 Qxe4 36. Qxa6 Rxd2 37. Rxd2 Qxe3+ 38. Rf2 Bc5 39. Qe2 Qg3+ 40.
Bg2 Qxb3 41. a5 Kf7 42. a6 Qa3 43. Bf3 f5 44. Kg2 Bxf2 45. Kxf2 Kf6 46. Kg2 e5
47. Qc4 Qe3 48. Qh4+ Ke6 49. Qc4+ Kf6 50. Qh4+ Ke6 51. Qf2 Qg5+ 52. Kh1 Qc1+ 53.
Qg1 Qa3 54. a7 e4 55. Qb6+ Kd5 56. Bg2 Qa1+ 57. Kh2 Qe5+ 58. Kg1 Qa1+ 59. Bf1 1-0

[Event "Jorge Szmetan Mem 2017"]
[Site "Buenos Aires ARG"]
[Date "2017.04.26"]
[Round "10.5"]
[White "Sosa, Tomas ARG"]
[Black "Hoffman, Alejandro"]
[Result "1/2-1/2"]
[WhiteTitle "IM"]
[BlackTitle "GM"]
[WhiteElo "2459"]
[BlackElo "2488"]
[WhiteFideId "121576"]
[BlackFideId "100340"]
[EventDate "2017.04.17"]
[EventType "tourn"]

1. e4 e5 2. Nf3 Nc6 3. Bb5 Nf6 4. O-O d6 5. Re1 Bd7 6. c3 Be7 7. d4 O-O 8. Nbd2
Nxd4 9. cxd4 Bxb5 10. Qb3 c6 11. dxe5 dxe5 12. Nxe5 Nd7 13. Ndf3 Nc5 14. Qc3 a5
15. Bf4 Ne6 16. Rad1 Qc8 17. Qc1 Nxf4 18. Qxf4 c5 19. Rd5 1/2-1/2

[Event "Jorge Szmetan Mem 2017"]
[Site "Buenos Aires ARG"]
[Date "2017.04.26"]
[Round "10.6"]
[White "Morovic Fernandez, Ivan"]
[Black "Pichot, Alan"]
[Result "1/2-1/2"]
[WhiteTitle "GM"]
[BlackTitle "GM"]
[WhiteElo "2527"]
[BlackElo "2556"]
[WhiteFideId "3405400"]
[BlackFideId "110973"]
[EventDate "2017.04.17"]
[EventType "tourn"]

1. d4 Nf6 2. Nf3 g6 3. Nbd2 Bg7 4. e4 d6 5. c3 O-O 6. Bd3 c5 7. O-O cxd4 8. cxd4
Nc6 9. Re1 e5 10. d5 Ne7 11. Nc4 b5 12. Ncd2 Bd7 13. a4 a6 14. Nb1 Qb6 15. axb5
axb5 16. Rxa8 Rxa8 17. Bg5 h6 18. Bh4 g5 19. Bg3 Ng6 20. Na3 Nf4 21. Bf1 Ra4 22.
Nd2 h5 23. h4 gxh4 24. Bxh4 Ng4 25. Nf3 Ng6 26. Qc2 Nxh4 27. Nxh4 Bf6 28. Nf3
Bd8 29. g3 Qa5 30. Kg2 Bb6 31. Re2 Qa8 32. Qd2 Qd8 33. Nc2 Qf6 34. Nh4 Bxf2 35.
Rxf2 Nxf2 36. Qxf2 Qxf2+ 37. Kxf2 Ra2 38. Ne3 Rxb2+ 39. Ke1 b4 40. Bd3 b3 41.
Nhf5 Bxf5 42. Nxf5 Rg2 43. Kd1 b2 44. Bb1 Kf8 45. Ba2 Rg1+ 46. Kc2 Re1 47. Nxd6
Re3 48. Nf5 Rxe4 49. Kxb2 Re2+ 50. Kb3 Rd2 51. d6 e4 52. Bb1 e3 53. Nxe3 Rxd6
54. Kc3 1/2-1/2

[Event "Jorge Szmetan Mem 2017"]
[Site "Buenos Aires ARG"]
[Date "2017.04.27"]
[Round "11.3"]
[White "Mareco, Sandro"]
[Black "Sosa, Tomas ARG"]
[Result "1-0"]
[WhiteTitle "GM"]
[BlackTitle "IM"]
[WhiteElo "2655"]
[BlackElo "2459"]
[WhiteFideId "112275"]
[BlackFideId "121576"]
[EventDate "2017.04.17"]
[EventType "tourn"]

1. Nf3 Nf6 2. c4 g6 3. Nc3 Bg7 4. e4 d6 5. d4 O-O 6. Be2 e5 7. O-O Nbd7 8. Be3
Re8 9. d5 Nh5 10. g3 Bf8 11. Ne1 Ng7 12. Nd3 f5 13. f3 Be7 14. Qd2 Nf6 15. c5
fxe4 16. fxe4 Bh3 17. Rf2 h5 18. b4 Nh7 19. Bf1 Ng5 20. Bg2 Bg4 21. h4 Nh7 22.
Raf1 g5 23. Rf7 Rf8 24. Rxf8+ Bxf8 25. hxg5 Be7 26. g6 Nf8 27. c6 b6 28. Nf2
Nxg6 29. Nxg4 hxg4 30. Qf2 Kh7 31. Nd1 Qc8 32. Qe2 Nh5 33. Rf7+ Kh8 34. Qf2 Qg8
35. Bh6 Bf8 36. Rf5 Bxh6 37. Rxh5 Kg7 38. Ne3 Bxe3 39. Qxe3 Kf7 40. Qg5 Rf8 41.
Rh6 Ne7 42. Qh5+ Kg7 43. Re6 Qf7 44. Qh6+ Kg8 45. Qg5+ 1-0

[Event "Jorge Szmetan Mem 2017"]
[Site "Buenos Aires ARG"]
[Date "2017.04.27"]
[Round "11.4"]
[White "Van Riemsdijk, Herman C."]
[Black "Bachmann, Axel"]
[Result "1/2-1/2"]
[WhiteTitle "IM"]
[BlackTitle "GM"]
[WhiteElo "2318"]
[BlackElo "2646"]
[WhiteFideId "2100053"]
[BlackFideId "3700488"]
[EventDate "2017.04.17"]
[EventType "tourn"]

1. e4 c5 2. Nf3 Nc6 3. d4 cxd4 4. Nxd4 e6 5. Nc3 Qc7 6. g3 a6 7. Bg2 Nf6 8. O-O
h5 9. Re1 Nxd4 10. Qxd4 Bc5 11. Bf4 d6 12. Qd2 Ng4 13. Nd1 Ne5 14. Be3 h4 15.
Bxc5 Qxc5 16. Ne3 hxg3 17. hxg3 b5 18. Rad1 Ke7 19. c3 Bb7 20. Qd4 Rac8 21. f4
Qxd4 22. Rxd4 Nc6 23. Rd2 Na5 24. Red1 Rhd8 25. Kf2 g6 26. Rd4 Nc6 27. R4d2 Na5
28. Rd4 Nc6 29. R4d2 Na5 1/2-1/2

[Event "Jorge Szmetan Mem 2017"]
[Site "Buenos Aires ARG"]
[Date "2017.04.27"]
[Round "11.5"]
[White "Slipak, Sergio"]
[Black "Flores, Diego"]
[Result "1/2-1/2"]
[WhiteTitle "GM"]
[BlackTitle "GM"]
[WhiteElo "2465"]
[BlackElo "2568"]
[WhiteFideId "100250"]
[BlackFideId "108049"]
[EventDate "2017.04.17"]
[EventType "tourn"]

1. d4 Nf6 2. c4 c5 3. d5 e6 4. Nc3 exd5 5. cxd5 d6 6. Nf3 g6 7. Bg5 h6 8. Bh4
Bg7 9. e3 O-O 10. Nd2 Na6 11. Be2 Nc7 12. e4 b5 13. O-O b4 14. Na4 Re8 15. Bd3
Bd7 16. a3 bxa3 17. Rxa3 Rb8 18. Nc3 Bb5 19. Nxb5 Nxb5 20. Ra6 Nc7 1/2-1/2

[Event "Jorge Szmetan Mem 2017"]
[Site "Buenos Aires ARG"]
[Date "2017.04.27"]
[Round "11.6"]
[White "Garcia Palermo, Carlos"]
[Black "Darcyl, Tomas"]
[Result "1/2-1/2"]
[WhiteTitle "GM"]
[BlackTitle "IM"]
[WhiteElo "2450"]
[BlackElo "2405"]
[WhiteFideId "110124"]
[BlackFideId "100404"]
[EventDate "2017.04.17"]
[EventType "tourn"]

1. d4 Nf6 2. c4 g6 3. f3 d5 4. cxd5 Nxd5 5. e4 Nb6 6. Be3 Bg7 7. Qd2 c6 8. Nc3
Be6 9. O-O-O Bc4 10. Nge2 Qd6 11. b3 Qa3+ 12. Qb2 Qxb2+ 13. Kxb2 Ba6 14. f4 O-O
15. g4 N8d7 16. Bg2 Rac8 17. Ng3 c5 18. d5 Bxc3+ 19. Kxc3 c4 20. Kb2 Nc5 21.
Bxc5 Rxc5 22. e5 cxb3 23. axb3 Rfc8 24. Rc1 Bd3 25. Rxc5 Rxc5 26. Rc1 Rxc1 27.
Kxc1 Nd7 28. Kd2 Ba6 29. Ne4 b6 30. Kc3 Kf8 31. Kd4 h6 32. g5 hxg5 33. fxg5 Be2
34. Nc3 Bg4 35. Bf1 Nc5 36. Bc4 a5 37. d6 exd6 38. exd6 Bf3 39. h4 Bc6 40. Na2
Ke8 41. b4 axb4 42. Nxb4 Bb7 43. Nd5 Bxd5 44. Kxd5 Nd7 45. Be2 Kd8 46. Kc6 f6
47. Kd5 fxg5 48. hxg5 Nf8 49. Bd3 Nh7 50. Bxg6 1/2-1/2

[Event "Jorge Szmetan Mem 2017"]
[Site "Buenos Aires ARG"]
[Date "2017.04.23"]
[Round "7.6"]
[White "Van Riemsdijk, Herman C."]
[Black "Slipak, Sergio"]
[Result "1/2-1/2"]
[WhiteTitle "IM"]
[BlackTitle "GM"]
[WhiteElo "2318"]
[BlackElo "2465"]
[WhiteFideId "2100053"]
[BlackFideId "100250"]
[EventDate "2017.04.17"]
[EventType "tourn"]

1. e4 e5 2. Nf3 Nc6 3. Bb5 a6 4. Ba4 Nge7 5. c3 g6 6. d4 exd4 7. Nxd4 Bg7 8. Bg5
O-O 9. O-O h6 10. Nxc6 bxc6 11. Bh4 Rb8 12. Bb3 d5 13. Re1 g5 14. Bg3 Be6 15.
exd5 cxd5 16. Nd2 Rb6 17. Be5 c5 18. Bxg7 Kxg7 19. Nf1 Nf5 20. Qd2 c4 21. Bd1 d4
22. b3 dxc3 23. Qxc3+ Qd4 24. Qxd4+ Nxd4 25. bxc4 Bxc4 26. Nd2 Be6 27. Nb3 Rd8
28. h3 Nxb3 29. Bxb3 Rd2 30. Re3 Bxb3 31. axb3 Rf6 32. Rf3 Rxf3 33. gxf3 Rd6 34.
Kg2 Rb6 35. Ra5 Kg6 36. Rd5 f6 37. Ra5 h5 38. h4 gxh4 39. f4 Rxb3 40. Rxa6 h3+
41. Kh2 Rf3 42. Ra2 Kf5 43. Rb2 Kxf4 44. Ra2 f5 45. Ra4+ Kg5 46. Ra2 Kg4 47.
Ra4+ f4 48. Ra2 Rb3 49. Rc2 Rb1 50. Ra2 Rf1 51. Rb2 Kf3 52. Rb3+ Ke2 53. Rb2+
Kf3 54. Rb3+ Kxf2 55. Rxh3 Rg1 56. Rxh5 Rg8 57. Rh7 f3 58. Rh6 Kf1 59. Ra6 Rg2+
60. Kh3 Re2 61. Kg3 f2 62. Kf3 Re7 63. Ra1+ Re1 64. Ra2 Kg1 65. Rxf2 1/2-1/2